[Event "TUR-chT 1st League"]
[Site "Konya"]
[Date "2017.07.22"]
[Round "8.2"]
[White "Eminov, Orkhan"]
[Black "Gulbas, Cemil"]
[Result "1-0"]
[WhiteElo "2274"]
[BlackElo "2366"]
[PlyCount "43"]
[EventDate "2017.07.17"]
[EventType "team-swiss"]
[EventRounds "9"]
[EventCountry "TUR"]
[SourceTitle "CBM 179 Extra"]
[Source "ChessBase"]
[SourceDate "2017.08.23"]
[SourceVersion "1"]
[SourceVersionDate "2017.08.23"]
[SourceQuality "1"]
[WhiteTeam "Denizli Metin Surmeli"]
[BlackTeam "Izmir Rota Koleji"]
[WhiteTeamCountry "TUR"]
[BlackTeamCountry "TUR"]

1. e4 e6 2. d4 d5 3. Nc3 Nf6 4. Bg5 dxe4 5. Nxe4 Be7 6. Bxf6 gxf6 7. Nf3 b6 8. Bc4 Bb7 9. Qe2 c6 10. 0-0-0 Qc7 11. Rhe1 Nd7 12. Kb1 0-0-0 13. Ba6 f5 14. Neg5 Rdf8 15. Bxb7+ Kxb7 16. d5 cxd5 17. Nxf7 Rxf7 18. Qxe6 Rhf8 19. Qxd5+ Kc8 20. Nd4 Bc5 21. Nb5 Qb7 22. Qxf7 1-0

[Event "TUR-chT 1st League"]
[Site "Konya"]
[Date "2017.07.20"]
[Round "6.1"]
[White "Agamaliev, Gamil"]
[Black "Gulbas, Cemil"]
[Result "1/2-1/2"]
[WhiteElo "2493"]
[BlackElo "2366"]
[PlyCount "98"]
[EventDate "2017.07.17"]
[EventType "team-swiss"]
[EventRounds "9"]
[EventCountry "TUR"]
[SourceTitle "CBM 179 Extra"]
[Source "ChessBase"]
[SourceDate "2017.08.23"]
[SourceVersion "1"]
[SourceVersionDate "2017.08.23"]
[SourceQuality "1"]
[WhiteTeam "Istanbul Darussafaka"]
[BlackTeam "Izmir Rota Koleji"]
[WhiteTeamCountry "TUR"]
[BlackTeamCountry "TUR"]

1. e4 e6 2. d4 d5 3. Nd2 dxe4 4. Nxe4 Nd7 5. Nf3 Ngf6 6. Nxf6+ Nxf6 7. c3 c5 8. Be3 Qc7 9. Ne5 a6 10. Qa4+ Bd7 11. Nxd7 Qxd7 12. Qxd7+ Nxd7 13. 0-0-0 cxd4 14. Bxd4 0-0-0 15. Kc2 Nf6 16. Be2 Bd6 17. c4 Bc7 18. b4 Rd7 19. h3 Rhd8 20. Be3 Ne4 21. Rxd7 Rxd7 22. Bd3 Nd6 23. g4 g6 24. f4 f5 25. Rd1 Nf7 26. c5 Nd8 27. a3 Nc6 28. Bc4 Rxd1 29. Kxd1 Kd7 30. Ke2 Ne7 31. a4 fxg4 32. hxg4 h5 33. Kf3 hxg4+ 34. Kxg4 e5 35. fxe5 Bxe5 36. Kf3 Bc3 37. b5 axb5 38. Bxb5+ Ke6 39. Ke4 Nf5 40. Bf2 Bb4 41. Be8 Ne7 42. Kd4 g5 43. Kc4 Ba5 44. Bh5 Nc6 45. Bg4+ Ke7 46. Bc8 Bc7 47. Bxb7 Na5+ 48. Kb5 Nxb7 49. Kc6 Nxc5 1/2-1/2

[Event "TUR-chT 1st League"]
[Site "Konya"]
[Date "2017.07.18"]
[Round "3.2"]
[White "Erden, Kadir"]
[Black "Gulbas, Cemil"]
[Result "1/2-1/2"]
[WhiteElo "2235"]
[BlackElo "2366"]
[PlyCount "97"]
[EventDate "2017.07.17"]
[EventType "team-swiss"]
[EventRounds "9"]
[EventCountry "TUR"]
[SourceTitle "CBM 179 Extra"]
[Source "ChessBase"]
[SourceDate "2017.08.23"]
[SourceVersion "1"]
[SourceVersionDate "2017.08.23"]
[SourceQuality "1"]
[WhiteTeam "Manisa Turkuaz"]
[BlackTeam "Izmir Rota Koleji"]
[WhiteTeamCountry "TUR"]
[BlackTeamCountry "TUR"]

1. d4 d5 2. Bf4 Nf6 3. e3 c5 4. c3 Nc6 5. Nd2 g6 6. Ngf3 Bg7 7. h3 0-0 8. Be2 b6 9. Ne5 Bb7 10. Nxc6 Bxc6 11. Be5 Qd7 12. 0-0 Bb5 13. a4 Bxe2 14. Qxe2 a5 15. Rfd1 cxd4 16. Bxd4 Qe6 17. Qb5 Rfd8 18. c4 Rab8 19. cxd5 Rxd5 20. Qf1 Nd7 21. Nf3 Nc5 22. Bxg7 Kxg7 23. Rxd5 Qxd5 24. Qb5 Qb3 25. Nd4 Qxb5 26. axb5 Rd8 27. b4 axb4 28. Nc6 Rd2 29. Nxb4 Rb2 30. Nd5 Rxb5 31. Nxe7 Rb2 32. f3 b5 33. Rc1 Nd3 34. Rd1 Ne5 35. f4 Nc4 36. Nd5 Nd2 37. Kh2 h5 38. h4 Ne4 39. Rd4 Nf2 40. Kg3 Nh1+ 41. Kh2 Nf2 42. Kg3 Ng4 43. Kf3 Rf2+ 44. Kg3 Rb2 45. Kf3 Nh2+ 46. Kg3 Nf1+ 47. Kf3 Nd2+ 48. Kg3 Nf1+ 49. Kf3 1/2-1/2

[Event "Oberliga NRW 1617"]
[Site "Germany"]
[Date "2017.02.12"]
[Round "6.4"]
[White "Bashilin, Roman"]
[Black "Gulbas, Cemil"]
[Result "1/2-1/2"]
[WhiteElo "2302"]
[BlackElo "2360"]
[PlyCount "46"]
[EventDate "2016.09.25"]
[EventType "team-tourn"]
[EventRounds "9"]
[EventCountry "GER"]
[SourceTitle "EXT 2020"]
[Source "ChessBase"]
[SourceDate "2019.10.17"]
[SourceVersion "1"]
[SourceVersionDate "2019.10.17"]
[SourceQuality "1"]
[WhiteTeam "Wuppertal Bahn"]
[BlackTeam "Aachen Aufwaerts II"]
[WhiteTeamCountry "GER"]
[BlackTeamCountry "GER"]

1. d4 d5 2. Nf3 Nf6 3. e3 Bf5 4. Bd3 e6 5. Bxf5 exf5 6. 0-0 c6 7. c4 dxc4 8. Qc2 g6 9. Qxc4 Bd6 10. b4 0-0 11. Nc3 Nbd7 12. b5 Rc8 13. Bb2 cxb5 14. Qxb5 a6 15. Qb3 b5 16. a4 b4 17. Ne2 Qa5 18. Rfc1 Ne4 19. Ne5 Rxc1+ 20. Rxc1 Bxe5 21. dxe5 Ndc5 22. Qc4 Nxa4 23. Bd4 Qb5 1/2-1/2

[Event "BEL-chT 1617"]
[Site "Belgium"]
[Date "2017.01.29"]
[Round "6.7"]
[White "Gulbas, Cemil"]
[Black "Braun, Christian1111"]
[Result "1/2-1/2"]
[WhiteElo "2360"]
[BlackElo "2376"]
[PlyCount "94"]
[EventDate "2016.10.02"]
[EventType "team-tourn"]
[EventRounds "11"]
[EventCountry "BEL"]
[SourceTitle "EXT 2018"]
[Source "ChessBase"]
[SourceDate "2017.10.13"]
[SourceVersion "1"]
[SourceVersionDate "2017.10.13"]
[SourceQuality "1"]
[WhiteTeam "Eynatten"]
[BlackTeam "Amay"]
[WhiteTeamCountry "BEL"]
[BlackTeamCountry "BEL"]

1. c4 g6 2. Nc3 Bg7 3. g3 d6 4. Bg2 Nf6 5. d3 0-0 6. e3 c5 7. Nge2 Nc6 8. a3 Bd7 9. Rb1 Rb8 10. b4 a6 11. b5 axb5 12. Nxb5 Na7 13. Nxa7 Qa5+ 14. Qd2 Qxa7 15. Nc3 Bc6 16. 0-0 Bxg2 17. Kxg2 Rfd8 18. e4 e6 19. Nb5 Qa6 20. Bb2 Qc6 21. Qf4 Nh5 22. Qf3 Be5 23. Qe2 Bxb2 24. Rxb2 d5 25. Kg1 dxe4 26. dxe4 Qd7 27. e5 Qd3 28. Nd6 Qxe2 29. Rxe2 Ng7 30. Rb1 Nf5 31. Nxf5 gxf5 32. Rb5 b6 33. Reb2 Rd4 34. Rxc5 bxc5 35. Rxb8+ Kg7 36. Rc8 Rxc4 37. Kg2 h6 38. a4 Rxa4 39. Rxc5 Kg6 40. f4 Ra2+ 41. Kh3 h5 42. Rc8 Kg7 43. Rb8 Rf2 44. Rb4 Kg6 45. Rb8 Kg7 46. Rb4 Re2 47. Rb7 Rf2 1/2-1/2

[Event "Oberliga NRW 1617"]
[Site "Germany"]
[Date "2017.01.22"]
[Round "5.6"]
[White "Gulbas, Cemil"]
[Black "Kutzner, Stephen"]
[Result "1-0"]
[WhiteElo "2360"]
[BlackElo "2066"]
[PlyCount "80"]
[EventDate "2016.09.25"]
[EventType "team-tourn"]
[EventRounds "9"]
[EventCountry "GER"]
[SourceTitle "EXT 2020"]
[Source "ChessBase"]
[SourceDate "2019.10.17"]
[SourceVersion "1"]
[SourceVersionDate "2019.10.17"]
[SourceQuality "1"]
[WhiteTeam "Aachen Aufwaerts II"]
[BlackTeam "Godesberg"]
[WhiteTeamCountry "GER"]
[BlackTeamCountry "GER"]

1. Nf3 Nf6 2. g3 d5 3. Bg2 Bg4 4. d3 Nbd7 5. Nbd2 e5 6. 0-0 Bc5 7. e4 c6 8. h3 Bh5 9. Qe1 Qe7 10. Nh4 0-0 11. Nf5 Qe6 12. g4 Bg6 13. Qe2 Rfe8 14. Re1 Nf8 15. Nf1 Rad8 16. Qf3 dxe4 17. dxe4 Qc4 18. N1g3 Ne6 19. g5 Nd7 20. c3 Qb5 21. Bf1 Qb6 22. b4 Bf8 23. h4 Qc7 24. h5 Bxf5 25. exf5 Nf4 26. a3 Nb6 27. Re4 Nbd5 28. c4 Nb6 29. Be3 c5 30. b5 Be7 31. Qg4 Nd3 32. f6 Bf8 33. fxg7 Bxg7 34. h6 Bh8 35. Nh5 Qc8 36. Qg3 Qf5 37. Nf6+ Kf8 38. Bxd3 Rxd3 39. Bxc5+ Re7 40. Bxe7+ Kxe7 1-0

[Event "BEL-chT 1617"]
[Site "Belgium"]
[Date "2016.10.16"]
[Round "2.4"]
[White "Gulbas, Cemil"]
[Black "Van der Lende, Ilias"]
[Result "0-1"]
[WhiteElo "2360"]
[BlackElo "2347"]
[PlyCount "78"]
[EventDate "2016.10.02"]
[EventType "team-tourn"]
[EventRounds "11"]
[EventCountry "BEL"]
[SourceTitle "EXT 2017"]
[Source "ChessBase"]
[SourceDate "2016.10.25"]
[SourceVersion "1"]
[SourceVersionDate "2016.10.25"]
[SourceQuality "1"]
[WhiteTeam "Eynatten"]
[BlackTeam "Wachtebeke"]
[WhiteTeamCountry "BEL"]
[BlackTeamCountry "BEL"]

1. Nf3 d5 2. g3 Nd7 3. d4 e6 4. Bg2 Bd6 5. 0-0 b5 6. e4 Bb7 7. Qe2 b4 8. Ng5 Nb6 9. Re1 Be7 10. h4 h6 11. Nh3 dxe4 12. a3 bxa3 13. Nxa3 Nf6 14. c4 0-0 15. Be3 a5 16. Nf4 Bb4 17. Red1 Qe7 18. Qc2 Rfd8 19. Nh3 c5 20. Nb5 Bc6 21. dxc5 Bxc5 22. Nd4 Bb7 23. b3 Nbd7 24. Qc3 Ng4 25. Nc2 Nxe3 26. Nxe3 Bb4 27. Qc2 Nc5 28. Nf4 Rxd1+ 29. Rxd1 Rd8 30. Nh5 g6 31. Nf4 Rxd1+ 32. Qxd1 Qd7 33. Qb1 Qd2 34. Bf1 Qe1 35. Qc2 Bd2 36. Nfg2 Qc1 37. Qa2 Bb4 38. Nc2 Bc3 39. b4 axb4 0-1